000 00779nam a22002297a 4500
003 OSt
005 20220921192033.0
008 220921b |||||||| |||| 00| 0 eng d
040 _cBiblioteca Lado V
082 _a760.118
_bH548m
100 _aHerkenhoff, Paulo
_eorganizador
245 _aMarcas do corpo, dobras da alma/
260 _aBrasil
_bBR patrocinio
_c2000
300 _a379p.
_c17x24cm
650 _2Tesauro de Arte & Arquitectura
_aGRABADO
650 _2Tesauro de Arte & Arquitectura
_aCRITICA
650 _2Tesauro de Arte & Arquitectura
_aCULTURA
651 _2Tesauro de Arte & Arquitectura
_aTEORIA
651 _2Tesauro de Arte & Arquitectura
_aARTE
700 _aPedrosa, Adriano
_eorganizador
942 _2ddc
_c1
_h760.118
_iH548m
_n0
999 _c2090
_d2090